Cobalt-base superalloys - 1970 ; a critical survey of cobalt-base superalloy development with emphasis on the relationship of mechanical properties to microstructure /

Bibliographic Details
Main Author: Sullivan, C. P.
Corporate Author: Centre d'information du cobalt
Other Authors: Donachie, Matthew J., Morral, F. R. (Facundo Rolf), 1907-
Format: Book
Language:English
Published: Brussels : Centre d'information du cobalt, 1970.
Series:Cobalt monograph series.
Subjects:

MARC

Tag First Indicator Second Indicator Subfields
LEADER 00000cam a2200000 4500
001 in00000093837
005 20150927070224.0
008 711102s1970 be a b 00110 eng
010 |a  74856682  
015 |a Be*** 
035 |a (OCoLC)00202322 
035 |9 AAL5687AM 
040 |a DLC  |c DLC  |d TXA  |d UtOrBLW 
049 |a TXAM  |c [1331364] 
050 0 0 |a TN693.C8  |b S8 
082 0 |a 669.7/33 
100 1 |a Sullivan, C. P. 
245 1 0 |a Cobalt-base superalloys - 1970 ;  |b a critical survey of cobalt-base superalloy development with emphasis on the relationship of mechanical properties to microstructure /  |c [by] C. P. Sullivan, M. J. Donachie [and] F. R. Morral. 
264 1 |a Brussels :  |b Centre d'information du cobalt,  |c 1970. 
300 |a 72 pages :  |b illustrations ;  |c 28 cm. 
336 |a text  |b txt  |2 rdacontent 
337 |a unmediated  |b n  |2 rdamedia 
338 |a volume  |b nc  |2 rdacarrier 
490 1 |a Cobalt monograph series 
504 |a Includes bibliographical references. 
650 0 |a Cobalt alloys. 
700 1 |a Donachie, Matthew J. 
700 1 |a Morral, F. R.  |q (Facundo Rolf),  |d 1907- 
710 2 |a Centre d'information du cobalt. 
830 0 |a Cobalt monograph series. 
999 |a MARS 
999 f f |s 1fba33d6-f73e-37eb-8a77-0f8bbb604c34  |i 646686b3-956b-3ad6-9c1c-bbfd56eaeb55  |t 0 
952 f f |p ric  |a Texas A&M University  |b Rellis Campus  |c Joint Library Facility  |d Remote Storage  |t 0  |e TN693.C8 S8  |h Library of Congress classification  |i unmediated -- volume  |m A14805581456 
998 f f |a TN693.C8 S8  |t 0  |l Remote Storage